Platícame de física : cuento de la física de lo cotidiano /
Lectura auxiliar para nivel medio de educación que presenta de manera dialogada la enseñanza de la física. Por medio de una narración de hechos de la vida cotidiana se descubren los conceptos y procesos básicos de la física.
Guardado en:
| Autor principal: | |
|---|---|
| Formato: | Libro |
| Idioma: | Español |
| Publicado: |
México :
UNAM, Facultad de Ciencias,
2005, c2005
|
| Colección: | (Micromegas)
(Las Prensas de Ciencias) |
| Temas: | |
| Etiquetas: |
Sin etiquetas, Sé el primero en etiquetar este registro!
|
MARC
| LEADER | 00000nam^a2200000^a^4500 | ||
|---|---|---|---|
| 001 | 000297278 | ||
| 005 | 20250521000000.0 | ||
| 009 | 20260310112333.796 | ||
| 020 | |a 970-32-3455-5 | ||
| 020 | |a 978-970-32-3455-4 | ||
| 037 | |a Acervo ITESO - Biblioteca | ||
| 041 | |a ESP | ||
| 082 | |a 530. |b NUÑ | ||
| 100 | |a Núñez, Miguel |e (autor) | ||
| 245 | 1 | 0 | |a Platícame de física : |b cuento de la física de lo cotidiano / |c M. Núñez. |
| 264 | 4 | |a México : |b UNAM, Facultad de Ciencias, |c 2005, c2005 | |
| 300 | |a 216 p. | ||
| 336 | |a texto |b txt |2 rdacontenido | ||
| 337 | |a sin mediación |b n |2 rdamedio | ||
| 338 | |a volumen |b nc |2 rdasoporte | ||
| 440 | 1 | |a (Micromegas) | |
| 440 | 5 | |a (Las Prensas de Ciencias) | |
| 520 | |a Lectura auxiliar para nivel medio de educación que presenta de manera dialogada la enseñanza de la física. Por medio de una narración de hechos de la vida cotidiana se descubren los conceptos y procesos básicos de la física. | ||
| 649 | |a XX | ||
| 650 | |a Física - |x Estudio y Enseñanza | ||
| 650 | |a Física - |x Generalidades - |x Tema Principal | ||
| 650 | |a Física - |x Difusión | ||
| 650 | |a Ciencia - |x Difusión | ||
| 650 | |a Educación Media | ||
| 650 | |a Física - |x Generalidades - |x Tema Principal | ||
| 650 | |a Física - |x Difusión | ||
| 650 | |a Ciencia - |x Difusión | ||
| 650 | |a Educación Media | ||
| 910 | |a Fondo General | ||
| 920 | |a Impresos - Libros | ||
| 930 | |a Colección General | ||
| 905 | |a 101 | ||
| 901 | |a 0500182844 |b IT1 |c ACC |i C122646 |u 20250521 | ||
| 902 | |a https://opac.biblio.iteso.mx/vufind/Record/000297278 | ||